Frei und doch unfrei : Lebensrealität von weiblichen Asylsuchenden in Hessen am Beispiel Iranerinnen und pakistanischen Ahmadis /

Saved in:
Bibliographic Details
Main Author: Fahmy, Margot.
Format: Book
Language:German
Published: Münster : Lit, 1997.
Series:Soziale Ungleichheit und Benachteiligung ; Bd. 7.
Subjects:
Tags: Add Tag
No Tags, Be the first to tag this record!
LEADER 00869cam a2200253Ii 4500
001 007765507-9
005 20020606104010.5
008 980916s1997 gw 000 0 gersd
020 |a 3825833135 
035 0 |a ocm40303022 
040 |a OHX  |b ger  |c OHX  |d CUS  |d HLS 
072 7 |a HV  |2 lcco 
090 |a JV8084  |b .F335 1997 
100 1 |a Fahmy, Margot. 
245 1 0 |a Frei und doch unfrei :  |b Lebensrealität von weiblichen Asylsuchenden in Hessen am Beispiel Iranerinnen und pakistanischen Ahmadis /  |c Margot Fahmy. 
260 |a Münster :  |b Lit,  |c 1997. 
300 |a 171 p. ;  |c 21 cm. 
490 1 |a Soziale Ungleichheit und Benachteiligung ;  |v Bd. 7 
650 0 |a Women immigrants  |z Germany  |z Hesse. 
650 0 |a Iranians  |z Germany  |z Hesse. 
650 0 |a Pakistanis  |z Germany  |z Hesse. 
830 0 |a Soziale Ungleichheit und Benachteiligung ;  |v Bd. 7. 
988 |a 20020608 
906 |0 OCLC